Cấu tạo từ trong tiếng Việt hiện đại
Αποθηκεύτηκε σε:
| Κύριος συγγραφέας: | |
|---|---|
| Μορφή: | Βιβλίο |
| Γλώσσα: | Undetermined |
| Έκδοση: |
Thành phố Hồ Chí Minh
Khoa học Xã hội
2003
|
| Θέματα: | |
| Ετικέτες: |
Προσθήκη ετικέτας
Δεν υπάρχουν, Καταχωρήστε ετικέτα πρώτοι!
|
| Thư viện lưu trữ: | Trung tâm Học liệu Trường Đại học Cần Thơ |
|---|
| LEADER | 00650nam a2200217Ia 4500 | ||
|---|---|---|---|
| 001 | CTU_60061 | ||
| 008 | 210402s9999 xx 000 0 und d | ||
| 020 | |b 50000 | ||
| 020 | |c 50000 | ||
| 082 | |a 495.92214 | ||
| 082 | |b L250 | ||
| 100 | |a Hồ, Lê | ||
| 245 | 0 | |a Cấu tạo từ trong tiếng Việt hiện đại | |
| 245 | 0 | |c Hồ Lê | |
| 260 | |a Thành phố Hồ Chí Minh | ||
| 260 | |b Khoa học Xã hội | ||
| 260 | |c 2003 | ||
| 650 | |a vietnamese language,vietnamese language | ||
| 650 | |x glossaries, vocabularies, etc,words | ||
| 904 | |i Minh | ||
| 980 | |a Trung tâm Học liệu Trường Đại học Cần Thơ | ||